00955nam a2200205 i 450000100060000000300090000600500170001500700030003200800410003510000350007624502270011126000620033830000210040050001160042153000350053765000300057265000340060285200240063685600890066043231ES-MaACL20230906160745.0t|030317s1894 sp ||||1| spa d1 aCastro y Casaleiz, Antonio de.10aCondición de los hijos de extranjero nacidos en Venezuela según el artículo 5º de la nueva Constitución de aquella República b: informe sometido al ... sr. Segismundo Moret / cpor Antonio de Castro y Casaleiz. aMadrid : b[s.n.], c1894 (fTomás Minuesa de los Rios) a21 p. ; c26 cm. a"Publicado de orden del Sr. Ministro de Estado en el Boletín Oficial del Ministerio del mes de enero de 1894" aDisponible en formato digital. 4aNacionalidad-zVenezuela. 4aNaturalización-zVenezuela. aES-MaACLjT-980-F-9 uhttp://bdh-rd.bne.es/viewer.vm?id=0000079513&page=1 zBiblioteca Digital Hispánica